000 01818naa a22003977a 4500
001 BR8201364
003 BR-BrBNA
005 20250721143155.0
007 ta
008 250630b bl.|||m| |||| 00| 0 por d
040 _aBR-BrBNA
_bpor
_cBiblioteca Nacional de Agricultura
041 _a(Pt)
072 _aH10
_b1950
_b4050
090 _aH10 BR8201364
100 1 _aTenente, R.C.V.
100 1 _aLordello, L.G.E.
100 1 _aDias, J.F.S.
111 1 _a5. Reuniao Brasileira de Nematologia
_cLondrina, PR (Brazil)
_d9 Feb 1981
245 1 _aEstudo com a excrecao radicular de mucuna preta na eclosao de larvas, percentagem de penetracao e crescimento de Meloidogyne incognita, raca 4 [Stilozobium atterrinum; Leguminosa forrageira; Nematoide; Meloidoginose; Controle biologico; Inoculacao]
246 1 _a[Study with radicular excretion of Stilozobium atterrinum in larval eclosion, penetration percentage and growth of Meloidogyne incognita breed 4 [Forage legume; Nematode; Meloidogynosis; Chemical control; Inoculation]]
246 1 _a[Works presented to the 5. Brazilian Meeting of Nematology]
500 _aTrabalhos apresentados a 5. Reuniao Brasileira de Nematologia Piracicaba, SP (Brasil): 1982. p. 271-284 [17 ref.; Summaries (En, Pt)] (BR8201364-AMS)
773 0 _tTrabalhos apresentados a 5. Reuniao Brasileira de Nematologia
_wH10 BR8201364
_gPiracicaba, SP (Brasil), 1982. p. 271-284
650 _aPraga de planta
650 _aMucuna preta
650 _aLeguminosa forrageira
650 _aNematoide
650 _aMeloidoginose
650 _aLarva
650 _aRaiz
650 _aControle biologico
650 _aInoculacao
490 _aPublicacao - Sociedade Brasileira de Nematologia (Brazil)
_vno. 5
942 _cAMS
_2AGRIS
909 _a202506
_bLúcia
_c55
_dLúcia Elande
999 _c334105
_d334105